000 00337nam a2200133Ia 4500
005 20251222142025.0
008 251222s9999||||xx |||||||||||||| ||spa||
020 _a9789972695766
082 _a324.285/O54
245 0 _aEl Financiamiento de los Partidos PolĂ­ticos en el PerĂș:
250 _a1ra.ed.
264 _bRapigen
942 _cLIB
999 _c10787
_d10787